El Istmo de Panamá en las cartas de Vasco Nuñez de Balboa

Guardat en:
Dades bibliogràfiques
Autor principal: Cedeño Cenci, Diógenes
Format: Text
Publicat: Panamá: Centro de Impresión Educativa
Etiquetes: Afegir etiqueta
Sense etiquetes, Sigues el primer a etiquetar aquest registre!

MARC

LEADER 00000 a a2200000 04500
001 23183
003
040
090 |a 160200  
100 |a Cedeño Cenci, Diógenes  
245 |a El Istmo de Panamá en las cartas de Vasco Nuñez de Balboa  
260 |a Panamá:   |b Centro de Impresión Educativa  
300 |a 37 p.  
999 |c 3504  |d 3504